000 00313nam a2200121Ia 4500
008 220204s9999 xx 000 0 und d
082 _a648.5
_bGRU
100 _aGrunfeld, N
245 0 _aSpot check: How to cope with household stains
260 _aDelhi
_bPustak Mahal
_c1983
700 _aThomas, M
942 _cBK
999 _c38435
_d38435